Tata Mcgraw-Hill's informatics practices : (Record no. 26916)

MARC details
000 -LEADER
fixed length control field 00982nam a2200265 a 4500
005 - DATE AND TIME OF LATEST TRANSACTION
control field 20090528153544.0
008 - FIXED-LENGTH DATA ELEMENTS--GENERAL INFORMATION
fixed length control field 891020s1990 nyua b 001 0 eng
010 ## - LCCN (DPL NO)
LC control number ENG-93772
020 ## - INTERNATIONAL STANDARD BOOK NUMBER
International Standard Book Number 9780070263550
Terms of availability 250.00
020 ## - INTERNATIONAL STANDARD BOOK NUMBER
International Standard Book Number 0070263558
Terms of availability 250.00
035 ## - SYSTEM CONTROL NUMBER
System control number EN-77305
037 ## - SOURCE OF ACQUISITION
Source of stock number/acquisition DBAD / PUB
040 ## - CATALOGING SOURCE
Original cataloging agency dpl
Language of cataloging English
082 ## - DEWEY DECIMAL CLASSIFICATION NUMBER
Classification number 005
100 ## - MAIN ENTRY--PERSONAL NAME
Personal name Gahlot, Preeti
245 ## - TITLE STATEMENT
Title Tata Mcgraw-Hill's informatics practices :
Statement of responsibility, etc by Preeti Gahlot [and] Naveen Chhabra
Remainder of title for class XII /
246 ## - VARYING FORM OF TITLE
Title proper/short title Informatics practices :
Remainder of title for class XI /
260 ## - PUBLICATION, DISTRIBUTION, ETC. (IMPRINT)
Place of publication, distribution, etc New Delhi
Name of publisher, distributor, etc Tata McGraw-Hill Publishing
Date of publication, distribution, etc 2009
270 ## - ADDRESS
Address 7 West Patel Nagar,
City New Delhi
Postal code 110008
300 ## - PHYSICAL DESCRIPTION
Extent xvii, 749p.
Dimensions 24cm(pbk)
650 ## - SUBJECT ADDED ENTRY--TOPICAL TERM
Topical term or geographic name as entry element Information technology
Form subdivision Textbooks.
700 ## - ADDED ENTRY--PERSONAL NAME
Personal name Chhabra, Naveen
942 ## - ADDED ENTRY ELEMENTS (KOHA)
Source of classification or shelving scheme Dewey Decimal Classification
Item type English Books
Call number suffix GAH
Classification part 005
Holdings
Withdrawn status Lost status Source of classification or shelving scheme Damaged status Not for loan Collection code Home library Current library Date acquired Source of acquisition Cost, normal purchase price Total Checkouts Full call number Barcode Date last seen Copy number Cost, replacement price Koha item type
    Dewey Decimal Classification   Not For Loan Non-fiction D.B.Act.Division D.B.Act.Division 28/05/2009 DBAD / PUB 250.00   005 GAH EN-77305 28/05/2009 1 250.00 English Books

© Delhi Public Library
Hit Counter
free hit counter